Chiến tranh cách mạng Việt Nam 1945-1975 : Thắng lợi và bài học /

Cuốn sách này là một trong những công trình tổng kết cơ bản nhất từ trước đền nay về sự lãnh đạo của ĐảngCộng sản Việt Nam đối với chiến tranh cách mạng Việt Nam.

Đã lưu trong:
書目詳細資料
企業作者: Ban chỉ đạo tổng kết chiến tranh.
格式: 圖書
語言:Vietnamese
出版: Hà Nội : Chính trị quốc gia, 2000.
主題:
標簽: 添加標簽
沒有標簽, 成為第一個標記此記錄!
Thư viện lưu trữ: Mạng thư viện Đại học Đà Nẵng
LEADER 01219cam a2200361 i 4500
001 000042854
003 729
005 20040531161512.0
008 010217b2000 vm 000 vie
020 |c 45000 
022 |a T 
040 |a IRC  |c IRC  |d IRC 
041 0 |a vie 
082 1 4 |a 959.706  |b BAN 
110 2 |a Ban chỉ đạo tổng kết chiến tranh. 
245 0 0 |a Chiến tranh cách mạng Việt Nam 1945-1975 :  |b Thắng lợi và bài học /  |c Ban chỉ đạo tổng kết chiến tranh. 
260 |a Hà Nội :  |b Chính trị quốc gia,  |c 2000. 
300 |a 601tr. ;  |c 22cm. 
520 3 |a Cuốn sách này là một trong những công trình tổng kết cơ bản nhất từ trước đền nay về sự lãnh đạo của ĐảngCộng sản Việt Nam đối với chiến tranh cách mạng Việt Nam. 
630 0 4 |a Lịch sử. 
630 0 4 |a Việt Nam. 
630 0 4 |a Lịch sử Việt Nam. 
650 0 4 |a Cách mạng (Việt Nam)  |y 1945-1975. 
OWN |a DUT 
999 |a From the UDN01 
TYP |a Monograph 
TYP |a Printed language 
980 |a Mạng thư viện Đại học Đà Nẵng